[Event "Tradewise Gibraltar"]
[Site "Caleta ENG"]
[Date "2015.02.04"]
[EventDate "2015.01.27"]
[Round "9.97"]
[Result "1-0"]
[White "Robert Danielsson"]
[Black "Henderson de La Fuente, Lance"]
[WhiteElo "2121"]
[BlackElo "2014"]
[PlyCount "90"]

1. d4 Nf6 2. c4 e6 3. Nc3 b6 4. e4 Bb4 5. Qc2 Bb7 6. Bd3 c5 7. d5 exd5 8. cxd5
O-O 9. Ne2 d6 10. O-O Nbd7 11. a3 Bxc3 12. bxc3 Re8 13. c4 Ne5 14. Ng3 Nfg4 15.
Bb2 Qh4 16. h3 Ne3 17. fxe3 Qxg3 18. Rae1 Nf3+ 19. Rxf3 Qxe1+ 20. Kh2 Qh4 21.
Rg3 g6 22. Qf2 Qe7 23. Bf6 Qf8 24. Rg4 h5 25. Rh4 Qh6 26. g4 Bc8 27. g5 Qh7 28.
Qg3 Re5 29. Bxe5 dxe5 30. Qxe5 Bd7 31. Rf4 Qg7 32. Rf6 Qf8 33. Qf4 Re8 34. e5
Rd8 35. Bb1 Ba4 36. e6 Qg7 37. exf7+ Kf8 38. Rxg6 Qb2+ 39. Kg3 h4+ 40. Kxh4 Qh8+
41. Kg3 Qc3 42. Rg8+ Ke7 43. f8=Q+ Rxf8 44. Qxf8+ Kd7 45. Qd8# 1-0

[Event "Tradewise Gibraltar"]
[Site "Caleta ENG"]
[Date "2015.02.04"]
[Round "9.98"]
[White "Uwe Mehlhorn"]
[Black "Per Green"]
[Result "1-0"]
[WhiteElo "2121"]
[BlackElo "1996"]
[Annotator "Wall,Bill"]
[PlyCount "183"]
[EventDate "2015.01.27"]

1. b4 d5 2. e3 Nf6 3. Bb2 Bg4 4. Be2 Bxe2 5. Qxe2 c6 6. c4 e6 7. a3 dxc4 8.
Qxc4 Qd5 9. Qxd5 Nxd5 10. Nc3 Nd7 11. Nf3 Bd6 12. g3 O-O 13. e4 N5b6 14. d3
Rfd8 15. Ke2 Ne5 16. Ne1 Rd7 17. f4 Ng6 18. Ng2 f5 19. e5 Bc7 20. Ne3 Rad8 21.
Rhd1 Ne7 22. Rac1 a6 23. Nc2 Ned5 24. Nxd5 Nxd5 25. Nd4 Re8 26. Nb3 Bb6 27. d4
Kf7 28. Nd2 Rg8 29. Nc4 Bc7 30. Kf3 Ke8 31. Rc2 g5 32. Bc1 g4+ 33. Ke2 h5 34.
Be3 Nxe3 35. Nxe3 Rh7 36. Nf1 h4 37. Kf2 Rgh8 38. Rdd2 Bb6 39. Rc4 Kd7 40. Kg2
Kc8 41. Kf2 Kb8 42. Ke3 hxg3 43. hxg3 Rh1 44. Rf2 Rg1 45. Ke2 Rh3 46. a4 Rh8
47. Ke3 Rgh1 48. Rcc2 Rd8 49. Rcd2 Rg1 50. Rd1 c5 51. bxc5 Bxc5 52. Rfd2 Ba7
53. Kf2 Rh1 54. Ke3 Rd5 55. Kf2 Rh3 56. Kg2 Rh7 57. Ne3 Rd8 58. Rd3 Rhd7 59.
Nc2 Rc7 60. Ne3 Rdc8 61. Kf1 Rc3 62. Ke2 Rxd3 63. Kxd3 Rd8 64. d5 Bxe3 65. Kxe3
exd5 66. Kd4 Kc7 67. Rh1 b5 68. a5 b4 69. Rb1 Rb8 70. Kxd5 Kd7 71. Kc4 Rc8+ 72.
Kd4 Rc3 73. Rxb4 Rxg3 74. Rb7+ Ke6 75. Rb6+ Ke7 76. Rf6 Ra3 77. Rxf5 Rxa5 $2 (
77... Ra4+) 78. Rg5 Ra4+ 79. Ke3 Ra3+ 80. Ke4 g3 81. f5 Ra4+ 82. Kf3 Ra3+ 83.
Kf4 a5 $2 (83... Ra4+ 84. Kxg3 Re4 85. Rg7+) 84. Rg7+ Kf8 85. f6 Ra4+ 86. Kf5
Rb4 87. Rxg3 a4 88. Ra3 Kf7 89. e6+ Kf8 90. Rc3 Rb8 91. Rh3 Kg8 92. Kg6 1-0

[Event "Tradewise Gibraltar"]
[Site "Caleta ENG"]
[Date "2015.02.04"]
[Round "9.109"]
[White "Paul F Cawley"]
[Black "Alan D Gravett"]
[Result "1-0"]
[WhiteElo "2070"]
[BlackElo "1877"]
[Annotator "Wall,Bill"]
[PlyCount "33"]
[EventDate "2015.01.27"]

1. d4 Nf6 2. Bf4 d6 3. e3 g6 4. c4 Bg7 5. Nc3 Nbd7 6. Nf3 O-O 7. h3 c6 8. Be2
Re8 9. O-O a5 10. Rc1 e5 (10... b6) 11. dxe5 Nxe5 (11... dxe5 12. Nxe5 Nh5) 12.
Nxe5 dxe5 13. Qxd8 Rxd8 14. Bxe5 Rd2 15. Rfd1 Rxb2 $2 (15... Rxd1+ 16. Rxd1)
16. Rd8+ Bf8 17. Bxf6 (17. Bxf6 b6 18. Be7) 1-0

[Event "Tradewise Gibraltar"]
[Site "Caleta ENG"]
[Date "2015.02.04"]
[Round "9.116"]
[White "Tim R Spanton"]
[Black "Klaus Kuenitz"]
[Result "1-0"]
[WhiteElo "1963"]
[BlackElo "1680"]
[Annotator "Wall,Bill"]
[PlyCount "21"]
[EventDate "2015.01.27"]

1. d4 d5 2. Nc3 Nc6 3. e4 dxe4 4. d5 Ne5 5. Bf4 Ng6 6. Bg3 f5 7. Nb5 e5 8. dxe6
Bb4+ 9. c3 Ba5 $2 (9... Bd6) 10. Qxd8+ (10. Qa4) 10... Kxd8 11. O-O-O+ (11.
O-O-O+ Ke7 12. Bxc7 Bxc7 13. Nxc7 Rb8 14. Ne2) 1-0

[Event "Tradewise Gibraltar"]
[Site "Caleta ENG"]
[Date "2015.02.05"]
[EventDate "2015.01.27"]
[Round "10.23"]
[Result "1/2-1/2"]
[White "Das Debashis"]
[Black "SP Sethuraman"]
[WhiteElo "2503"]
[BlackElo "2624"]
[PlyCount "104"]

1. e4 c5 2. Nf3 e6 3. d4 cxd4 4. Nxd4 Nc6 5. Nc3 d6 6. Be3 Nf6 7. Be2 Be7 8. O-O
O-O 9. f4 a6 10. a4 Qc7 11. Kh1 Re8 12. Bf3 Rb8 13. g4 Nxd4 14. Bxd4 e5 15. fxe5
dxe5 16. Ba7 Ra8 17. g5 Nd7 18. Nd5 Qd6 19. Be3 Nc5 20. b4 Ne6 21. Bh5 Rf8 22.
Bxf7+ Rxf7 23. Rxf7 Kxf7 24. Qh5+ Kg8 25. Qe8+ Bf8 26. Rf1 b6 27. g6 hxg6 28.
Bg5 Ra7 29. Be7 Rxe7 30. Qxg6 Qxd5 31. exd5 Bb7 32. c4 b5 33. axb5 axb5 34. Kg1
Nf4 35. Rxf4 exf4 36. d6 Rf7 37. c5 Bd5 38. Qd3 Bc6 39. Kf2 f3 40. Qb3 g6 41.
Qe6 Kg7 42. Qc8 Bd7 43. Qb7 Bxd6 44. cxd6 Kh7 45. Qe4 Kg7 46. Qe5+ Kh7 47. h4
Kg8 48. Qg3 Kh7 49. Qg5 Bc6 50. h5 gxh5 51. Qxh5+ Kg7 52. Qg5+ 1/2-1/2

[Event "Tradewise Gibraltar"]
[Site "Caleta ENG"]
[Date "2015.02.05"]
[EventDate "2015.01.27"]
[Round "10.24"]
[Result "1-0"]
[White "Aleksandr Lenderman"]
[Black "Sundar M Shyam"]
[WhiteElo "2614"]
[BlackElo "2489"]
[PlyCount "96"]

1. d4 d5 2. c4 e6 3. Nc3 Be7 4. cxd5 exd5 5. Bf4 c6 6. e3 Bd6 7. Bxd6 Qxd6 8.
Bd3 Ne7 9. Qc2 b6 10. Nf3 Ba6 11. Bxa6 Nxa6 12. O-O O-O 13. Rac1 Nc7 14. Rfd1
Ne6 15. Qa4 a5 16. Ne5 Rfc8 17. Qc2 Rab8 18. Qe2 Ng6 19. Nf3 Qd8 20. Rc2 Ng5 21.
Nxg5 Qxg5 22. Rdc1 Qd8 23. Qg4 Ne7 24. Ne2 Qd6 25. Nf4 Rc7 26. b3 Rbc8 27. Nd3
Qg6 28. Qe2 Qd6 29. g3 g6 30. Rc3 Kg7 31. Qc2 f6 32. h4 Kf7 33. Nf4 Re8 34. h5
Qd7 35. e4 g5 36. Nxd5 Nxd5 37. exd5 Kg7 38. Rxc6 Rb7 39. d6 Kh6 40. Rc7 Rxc7
41. dxc7 Rc8 42. Qc4 Kxh5 43. d5 f5 44. Qc6 Qf7 45. d6 f4 46. g4+ Kh4 47. Qf3
Qe6 48. Kg2 1-0

[Event "Tradewise Gibraltar"]
[Site "Caleta ENG"]
[Date "2015.02.05"]
[EventDate "2015.01.27"]
[Round "10.25"]
[Result "0-1"]
[White "Dronavalli Harika"]
[Black "Viktor Bologan"]
[WhiteElo "2496"]
[BlackElo "2608"]
[PlyCount "90"]

1. d4 Nf6 2. Nf3 g6 3. c4 Bg7 4. Nc3 O-O 5. e4 d6 6. h3 e5 7. d5 a5 8. Be3 Nfd7
9. g4 Nc5 10. Rg1 Nba6 11. h4 c6 12. h5 Bd7 13. Nd2 a4 14. a3 cxd5 15. cxd5 b5
16. g5 Rc8 17. Be2 b4 18. axb4 Nxb4 19. Nc4 Nb3 20. Ra3 Nd4 21. Bxd4 exd4 22.
Nxa4 Re8 23. Nab6 Rxe4 24. Nxc8 d3 25. N8b6 Nc2+ 26. Kd2 dxe2 27. Qxc2 Qxg5+ 28.
Ne3 Rd4+ 29. Kxe2 Bb5+ 30. Nbc4 Qxg1 31. Ra8+ Bf8 32. b3 Rf4 33. Nd1 Qg4+ 34.
Ke1 Qxh5 35. Qd3 Qh1+ 36. Ke2 Qh4 37. Ke1 Rd4 38. Qc3 Rf4 39. Qd3 Rf5 40. Rc8
Qh1+ 41. Kd2 Qg2 42. Nde3 Qf3 43. Qc2 Rh5 44. Rb8 Ba6 45. Nd1 0-1

[Event "Tradewise Gibraltar"]
[Site "Caleta ENG"]
[Date "2015.02.05"]
[EventDate "2015.01.27"]
[Round "10.27"]
[Result "1/2-1/2"]
[White "Aryan Tari"]
[Black "Nils Grandelius"]
[WhiteElo "2487"]
[BlackElo "2602"]
[PlyCount "118"]

1. Nf3 d5 2. d4 Nf6 3. c4 e6 4. g3 Bb4+ 5. Nbd2 O-O 6. Bg2 b6 7. O-O Bb7 8. Ne5
Nc6 9. Qa4 Bd6 10. cxd5 exd5 11. Ndf3 Qe8 12. Nxc6 Bxc6 13. Qc2 Bb7 14. Ne5 Qe6
15. Nc4 Be7 16. Ne3 Bd8 17. b3 Re8 18. Bb2 Ne4 19. Nd1 Rc8 20. Nc3 c5 21. Nxe4
dxe4 22. Qd2 Bf6 23. Rfd1 e3 24. Qxe3 Qxe3 25. fxe3 Bxg2 26. Kxg2 Rxe3 27. Kf2
Rce8 28. Rd2 cxd4 29. Rc1 h5 30. Rcc2 R3e4 31. Kf3 g5 32. Rd3 g4+ 33. Kf2 Bg5
34. Rd1 R8e6 35. Bc1 Be3+ 36. Bxe3 dxe3+ 37. Kg1 Rf6 38. Rd3 Re5 39. Rcc3 Ref5
40. Rc1 Re6 41. Rcc3 Rf2 42. Rxe3 Rxe2 43. Rxe6 Rxe6 44. Kf2 Kg7 45. b4 Kg6 46.
a4 f6 47. Rc7 a5 48. b5 Re4 49. Rc6 Rxa4 50. Rxb6 Ra2+ 51. Kg1 Ra1+ 52. Kf2 Ra2+
53. Kg1 Rb2 54. Rb8 h4 55. gxh4 Kf5 56. h5 Ke4 57. Rf8 Rxb5 58. h6 Rb7 59. Rxf6
Rh7 1/2-1/2

[Event "Tradewise Gibraltar"]
[Site "Caleta ENG"]
[Date "2015.02.05"]
[EventDate "2015.01.27"]
[Round "10.28"]
[Result "0-1"]
[White "Arghyadip Das"]
[Black "Grigoriy Oparin"]
[WhiteElo "2476"]
[BlackElo "2551"]
[PlyCount "94"]

1. e4 c5 2. Nf3 d6 3. d4 cxd4 4. Nxd4 Nf6 5. Nc3 a6 6. g3 e5 7. Nb3 Be7 8. Bg2
b5 9. a4 b4 10. Nd5 Nxd5 11. Qxd5 Ra7 12. Be3 Be6 13. Qd3 Rd7 14. O-O O-O 15.
Rfc1 Qc8 16. c3 Nc6 17. Nd2 Qb7 18. b3 Rc8 19. Qf1 Bd8 20. cxb4 Nxb4 21. Rxc8
Qxc8 22. Rc1 Rc7 23. Nc4 Rc6 24. Qe2 a5 25. Bf1 Bc7 26. Bd2 Qb7 27. Qe1 h6 28.
Bxb4 axb4 29. Qd2 Rc5 30. Qe3 Bb6 31. Qe1 Ba7 32. Nxd6 Rxc1 33. Qxc1 Qb6 34. Qd2
Bxb3 35. Bc4 Bxc4 36. Nxc4 Qc5 37. Ne3 b3 38. Kg2 Bb6 39. Kf3 Qc6 40. Qb4 Bxe3
41. Qb8+ Kh7 42. Qxb3 Bd4 43. Qb1 Qxa4 44. h4 Qc6 45. Qa2 Qc3+ 46. Kg2 Qd3 47.
f3 h5 0-1

[Event "Tradewise Gibraltar"]
[Site "Caleta ENG"]
[Date "2015.02.05"]
[EventDate "2015.01.27"]
[Round "10.29"]
[Result "1/2-1/2"]
[White "Gudmundur Kjartansson"]
[Black "Ioan-Cristian Chirila"]
[WhiteElo "2468"]
[BlackElo "2548"]
[PlyCount "148"]

1. c4 Nf6 2. Nc3 d5 3. cxd5 Nxd5 4. g3 g6 5. Bg2 Nxc3 6. bxc3 Bg7 7. Rb1 Nc6 8.
Qc2 O-O 9. h4 Qd6 10. h5 Bf5 11. d3 Ne5 12. Rb3 c5 13. c4 b5 14. Bxa8 bxc4 15.
Be4 cxb3 16. axb3 Bxe4 17. dxe4 c4 18. Kf1 cxb3 19. Qxb3 Rb8 20. Qc2 Qc6 21.
Qxc6 Nxc6 22. Nf3 a5 23. Kg2 a4 24. e5 Rb1 25. Nd2 Ra1 26. f4 a3 27. h6 a2 28.
Bb2 Rxh1 29. Kxh1 Bxh6 30. Nb3 Bg7 31. Nc1 Nb4 32. e4 h5 33. Kg2 g5 34. fxg5 Kh7
35. Kh3 Kg6 36. Kh4 e6 37. Ne2 Nd3 38. Nf4+ Nxf4 39. gxf4 Bf8 40. Kg3 Ba3 41.
Bd4 Bc1 42. Ba1 Bd2 43. Bb2 Be1+ 44. Kh3 Bd2 45. Kg3 Kg7 46. Kh4 Bxf4 47. Kxh5
Bd2 48. Ba1 Be3 49. Bb2 Kf8 50. g6 fxg6+ 51. Kxg6 Ke7 52. Ba1 Bc1 53. Kg7 Be3
54. Kg6 Kd7 55. Kf7 Bg5 56. Kg6 Bh4 57. Kf7 Bg5 58. Kg6 Be3 59. Kf7 Kc6 60. Kxe6
Kc5 61. Kd7 Bd4 62. Bxd4+ Kxd4 63. e6 a1=Q 64. e7 Qa4+ 65. Kd8 Qa5+ 66. Kd7 Qg5
67. Kd8 Qg3 68. Kd7 Qg7 69. Kd8 Qf6 70. Kd7 Qg7 71. Kd8 Kc5 72. e8=Q Kd6 73. e5+
Qxe5 74. Qxe5+ Kxe5 1/2-1/2

[Event "Tradewise Gibraltar"]
[Site "Caleta ENG"]
[Date "2015.02.05"]
[EventDate "2015.01.27"]
[Round "10.33"]
[Result "1-0"]
[White "Babu MR Lalith"]
[Black "Gabor1 Nagy"]
[WhiteElo "2537"]
[BlackElo "2410"]
[PlyCount "88"]

1. Nf3 c5 2. c4 Nf6 3. Nc3 Nc6 4. d4 cxd4 5. Nxd4 e6 6. g3 Qb6 7. Ndb5 Ne5 8.
Bg2 a6 9. Na4 Qa5+ 10. Nbc3 Nxc4 11. O-O d5 12. b3 Ne5 13. Bf4 Ned7 14. Qd2 Qd8
15. e4 e5 16. exd5 Bd6 17. Be3 O-O 18. Nb2 b5 19. a4 b4 20. Ne4 Nxe4 21. Bxe4 f5
22. Nc4 fxe4 23. Nxd6 Nf6 24. Bc5 Bg4 25. Qg5 Qd7 26. Qxe5 Rae8 27. Nxe8 Rxe8
28. Qd6 Qf5 29. f3 exf3 30. Rae1 Ne4 31. Qf4 Qxd5 32. Bb6 h5 33. h3 g5 34. Qc7
Be6 35. Rxf3 g4 36. hxg4 Rc8 37. Qe7 Ng5 38. Rf6 Bf7 39. Rf5 Nh3+ 40. Kh2 Qxb3
41. Kxh3 hxg4+ 42. Kh4 Rc6 43. Rg5+ Kh7 44. Rh5+ 1-0

[Event "Tradewise Gibraltar"]
[Site "Caleta ENG"]
[Date "2015.02.05"]
[EventDate "2015.01.27"]
[Round "10.36"]
[Result "0-1"]
[White "Marta Bartel"]
[Black "Alexander Donchenko"]
[WhiteElo "2347"]
[BlackElo "2511"]
[PlyCount "62"]

1. d4 Nf6 2. Nf3 e6 3. c4 Bb4+ 4. Nbd2 O-O 5. a3 Be7 6. b4 a5 7. b5 d6 8. e3 c5
9. dxc5 dxc5 10. Be2 Nbd7 11. Bb2 Qc7 12. Qc2 b6 13. Ng5 Bb7 14. O-O-O Rad8 15.
h4 Bd6 16. Ndf3 h6 17. Bd3 Bxf3 18. gxf3 Be5 19. f4 Bxb2+ 20. Qxb2 e5 21. Rdg1
Rfe8 22. Bf5 exf4 23. Bxd7 Qxd7 24. Nh3 Re4 25. Nxf4 Rxc4+ 26. Kb1 Qf5+ 27. Ka1
Rc2 28. e4 Qxe4 29. Rxg7+ Kxg7 30. Rg1+ Kf8 31. Qxf6 Qd4+ 0-1

[Event "Tradewise Gibraltar"]
[Site "Caleta ENG"]
[Date "2015.02.05"]
[Round "10.37"]
[White "Hannes Stefansson"]
[Black "Johan Salomon"]
[Result "0-1"]
[WhiteElo "2573"]
[BlackElo "2319"]
[Annotator "Wall,Bill"]
[PlyCount "34"]
[EventDate "2015.01.27"]

1. d4 Nf6 2. c4 e6 3. Nc3 Bb4 4. Nf3 b6 5. Bg5 Bb7 6. Nd2 h6 7. Bh4 O-O 8. e4
g5 9. Bg3 Bxe4 10. h4 Bf5 11. hxg5 hxg5 12. Qf3 Nc6 13. O-O-O Nh7 14. Bd3 Nxd4
15. Qh5 $2 (15. Bxf5 Nxf3 16. Bxh7+ Kg7 17. Nxf3) 15... Bxd3 16. Nde4 Ne2+ 17.
Nxe2 Bxe4 0-1

[Event "Tradewise Gibraltar"]
[Site "Caleta ENG"]
[Date "2015.02.05"]
[EventDate "2015.01.27"]
[Round "10.38"]
[Result "1/2-1/2"]
[White "Sebastian Bogner"]
[Black "Eesha Karavade"]
[WhiteElo "2565"]
[BlackElo "2398"]
[PlyCount "94"]

1. Nf3 Nf6 2. c4 e6 3. g3 d5 4. Bg2 Be7 5. O-O O-O 6. d4 dxc4 7. Qc2 a6 8. Qxc4
b5 9. Qc2 Bb7 10. Bd2 Be4 11. Qc1 Bb7 12. a3 Bd6 13. b4 Nbd7 14. Bc3 Nb6 15.
Nbd2 Ne4 16. Nb3 Nc4 17. Qc2 Nxc3 18. Qxc3 Qe7 19. Nfd2 Bxg2 20. Kxg2 a5 21.
bxa5 Nxd2 22. Nxd2 b4 23. Qc6 Rxa5 24. Nc4 Rd5 25. axb4 Rxd4 26. b5 Rd5 27. Qb7
Rc5 28. Rfc1 h5 29. h4 Rd8 30. Na5 Rxc1 31. Rxc1 Qf6 32. Qe4 Rb8 33. Rb1 Qc3 34.
Nc4 Bc5 35. Rd1 Rxb5 36. Rd8+ Bf8 37. Qc6 Rf5 38. Qxc7 Rd5 39. Rc8 Qb4 40. e4
Rd1 41. Qb8 Qxb8 42. Rxb8 f6 43. Ne3 Rc1 44. Kf3 Kf7 45. Rb7+ Kg8 46. Rb6 Kf7
47. Rb7+ 1/2-1/2

[Event "Tradewise Gibraltar"]
[Site "Caleta ENG"]
[Date "2015.02.05"]
[EventDate "2015.01.27"]
[Round "10.39"]
[Result "0-1"]
[White "Cristina-Adela Foisor"]
[Black "Erik Blomqvist"]
[WhiteElo "2390"]
[BlackElo "2520"]
[PlyCount "66"]

1. Nf3 c5 2. c4 Nc6 3. g3 g6 4. Bg2 Bg7 5. Nc3 d6 6. a3 Bf5 7. d3 Qd7 8. h3 h6
9. Rb1 Rb8 10. Bd2 a5 11. Nh4 Be6 12. f4 Nf6 13. e4 Nd4 14. Nf3 O-O 15. Nxd4
cxd4 16. Nb5 d5 17. exd5 Nxd5 18. Qe2 Ne3 19. Bxe3 dxe3 20. Qxe3 Rbd8 21. Bf1
Bf5 22. Rd1 e5 23. Rh2 Rfe8 24. Re2 exf4 25. Qxf4 Bxh3 26. Rd2 Bg4 27. Rxe8+
Rxe8+ 28. Be2 Bh5 29. d4 Qh3 30. Nd6 Re6 31. c5 f6 32. Qh4 Qg2 33. Rc2 Rxe2+ 0-1

[Event "Tradewise Gibraltar"]
[Site "Caleta ENG"]
[Date "2015.02.05"]
[EventDate "2015.01.27"]
[Round "10.40"]
[Result "1/2-1/2"]
[White "Rasmus Svane"]
[Black "Arno Zude"]
[WhiteElo "2496"]
[BlackElo "2377"]
[PlyCount "154"]

1. Nf3 Nf6 2. c4 e6 3. Nc3 d5 4. d4 Be7 5. Bf4 O-O 6. Rc1 c5 7. dxc5 Bxc5 8. e3
Nc6 9. a3 d4 10. exd4 Nxd4 11. b4 Nxf3+ 12. Qxf3 Bd4 13. Nb5 e5 14. Bg5 e4 15.
Qg3 a6 16. Nxd4 Qxd4 17. Be2 Be6 18. O-O Nd7 19. Rfd1 Qe5 20. Bf4 Qf6 21. c5
Rfc8 22. h3 Nf8 23. Be5 Qg6 24. Rd6 Qxg3 25. Bxg3 Rc6 26. a4 Rxd6 27. Bxd6 Bd7
28. b5 axb5 29. axb5 Ne6 30. Rb1 Bc8 31. Bc4 h6 32. Bd5 Ra4 33. Re1 Ra5 34. Bc4
Bd7 35. Rxe4 Bxb5 36. Bxe6 fxe6 37. Rxe6 Ra1+ 38. Kh2 Rf1 39. Kg3 Bc6 40. Re7
Rg1 41. f3 Rd1 42. h4 Rd5 43. Kg4 Rd2 44. g3 Rd5 45. h5 Rg5+ 46. Kf4 Rxh5 47.
Be5 Rg5 48. g4 Kf8 49. Rc7 Kg8 50. Bd4 Rd5 51. Bxg7 Rxc5 52. Be5 Rb5 53. Rg7+
Kf8 54. Rh7 Rb3 55. Kf5 Bxf3 56. Rxh6 Be2 57. Rh8+ Kf7 58. Rh7+ Kg8 59. Rh8+ Kf7
60. Rh7+ Kg8 61. Rg7+ Kf8 62. Rc7 Bd3+ 63. Ke6 Rb6+ 64. Bd6+ Kg8 65. g5 Be2 66.
Ke5 Bd3 67. Rd7 Rb5+ 68. Kd4 Bf5 69. Re7 Rb1 70. Be5 Rd1+ 71. Ke3 Rd7 72. Re8+
Kf7 73. Rb8 Bg6 74. Kf4 Ke6 75. Bf6 Rc7 76. Ke3 Kf5 77. Kd4 1/2-1/2

[Event "Tradewise Gibraltar"]
[Site "Caleta ENG"]
[Date "2015.02.05"]
[EventDate "2015.01.27"]
[Round "10.41"]
[Result "1/2-1/2"]
[White "Nico Georgiadis"]
[Black "Ladron De Guevara Pinto, Paolo"]
[WhiteElo "2490"]
[BlackElo "2367"]
[PlyCount "94"]

1. e4 e6 2. d4 d5 3. Nc3 Nf6 4. Bg5 Be7 5. e5 Nfd7 6. h4 h6 7. Be3 a6 8. Qg4 Bf8
9. Nf3 c5 10. dxc5 Nc6 11. O-O-O Qa5 12. Kb1 Nxc5 13. Qg3 Bd7 14. Nd4 O-O-O 15.
f4 f5 16. Be2 Be8 17. h5 Rg8 18. Qf2 Nxd4 19. Bxd4 Qc7 20. g4 Qc6 21. Rd2 Be7
22. Rhd1 g6 23. Qh2 Bf8 24. Be3 Bf7 25. Bf3 fxg4 26. Bxg4 gxh5 27. Bxh5 Bxh5 28.
Qxh5 Rg3 29. Bxc5 Bxc5 30. Ne4 Rgg8 31. Nxc5 Qxc5 32. Qxh6 Qe7 33. a3 Rh8 34.
Qg6 Rhf8 35. Rd4 Kb8 36. Qd3 Rc8 37. Rb4 Qc5 38. Rh1 Rf7 39. Rh6 Rc6 40. Rg6 Qf2
41. Rg8+ Ka7 42. Qd4+ Qxd4 43. Rxd4 Kb6 44. Rg2 Rc4 45. Rxc4 dxc4 46. Rg6 Rxf4
47. Rxe6+ 1/2-1/2

[Event "Tradewise Gibraltar"]
[Site "Caleta ENG"]
[Date "2015.02.05"]
[EventDate "2015.01.27"]
[Round "10.42"]
[Result "0-1"]
[White "Xander Wemmers"]
[Black "Axel Smith"]
[WhiteElo "2353"]
[BlackElo "2483"]
[PlyCount "82"]

1. d4 Nf6 2. c4 e6 3. Nc3 Bb4 4. e3 O-O 5. Bd3 c5 6. Ne2 cxd4 7. exd4 d5 8. cxd5
Nxd5 9. O-O Nc6 10. a3 Bd6 11. Nxd5 exd5 12. Bf4 Bg4 13. Bxd6 Qxd6 14. f3 Bh5
15. Bb5 Ne7 16. Qd2 Bg6 17. Rfe1 Rfd8 18. Nc3 Kf8 19. Rad1 a6 20. Ba4 b5 21. Bb3
b4 22. Na4 bxa3 23. bxa3 Rab8 24. Nc5 Rdc8 25. Rc1 h6 26. Ba4 Kg8 27. Nd7 Rxc1
28. Rxc1 Rd8 29. Nc5 Rc8 30. Re1 Nf5 31. Re8+ Rxe8 32. Bxe8 Qf6 33. Qf4 Qb6 34.
h4 Qb2 35. h5 Nxd4 36. Kh2 Bxh5 37. Nd3 Nxf3+ 38. Kg3 Qxa3 39. Qe3 Ne5 40. Qxe5
Qxd3+ 41. Kh2 Bg6 0-1

[Event "Tradewise Gibraltar"]
[Site "Caleta ENG"]
[Date "2015.02.05"]
[EventDate "2015.01.27"]
[Round "10.43"]
[Result "1-0"]
[White "Natalia Zhukova"]
[Black "Paul Zwahr"]
[WhiteElo "2482"]
[BlackElo "2354"]
[PlyCount "94"]

1. d4 Nf6 2. c4 g6 3. Nc3 Bg7 4. e4 d6 5. Nf3 O-O 6. Be2 e5 7. O-O exd4 8. Nxd4
Re8 9. f3 c6 10. Kh1 Nbd7 11. Bg5 Qb6 12. Nb3 a5 13. Qd2 a4 14. Be3 Qd8 15. Nd4
Nc5 16. Rfd1 Nfd7 17. Bf1 Be5 18. Qf2 Qe7 19. Re1 h5 20. Rad1 Bg7 21. Qd2 Be5
22. Bg5 Qf8 23. Bh6 Qe7 24. Bg5 Qf8 25. Bh6 Qe7 26. f4 Bxd4 27. Qxd4 f6 28. f5
g5 29. h4 Kh7 30. hxg5 fxg5 31. Qxd6 Qf6 32. Qxf6 Nxf6 33. Bxg5 Nfxe4 34. Nxe4
Nxe4 35. f6 Bf5 36. Bh4 Kg6 37. Bd3 Nd6 38. c5 Rxe1+ 39. Rxe1 Nf7 40. Bc4 a3 41.
bxa3 Nh8 42. Re7 Kh6 43. Bf2 Kg5 44. f7 Bg6 45. Rxb7 Rf8 46. Be3+ Kf5 47. Bh6 1-0

[Event "Tradewise Gibraltar"]
[Site "Caleta ENG"]
[Date "2015.02.05"]
[EventDate "2015.01.27"]
[Round "10.44"]
[Result "0-1"]
[White "Guerrero Vargas, Andres"]
[Black "Salome Melia"]
[WhiteElo "2320"]
[BlackElo "2473"]
[PlyCount "122"]

1. e4 g6 2. d4 Bg7 3. Nc3 c5 4. dxc5 Qa5 5. Ne2 Nf6 6. Ng3 Qxc5 7. Be3 Qa5 8.
Qd2 Nc6 9. Bh6 Bxh6 10. Qxh6 Qb6 11. O-O-O Qxf2 12. Be2 d6 13. Nb5 Be6 14. Nc7+
Kd7 15. Nxa8 Rxa8 16. Qg5 Kc7 17. Rd3 Nxe4 18. Nxe4 Qxe2 19. Nd2 Qg4 20. h4 h5
21. Qe3 Rc8 22. Rc3 Kb8 23. Nf3 Qxg2 24. Rg1 Qh3 25. a3 Bd5 26. Qf4 Bxf3 27.
Rxf3 Qe6 28. Kb1 Ne5 29. Rb3 Nc4 30. Rc3 Rc5 31. a4 Qd5 32. Kc1 Nxb2 33. Rg5
Nd3+ 34. Rxd3 Qxd3 35. Rxc5 Qa3+ 36. Kb1 Qxc5 37. Qxf7 d5 38. a5 Qd6 39. Kc1 a6
40. Qf8+ Kc7 41. Qg7 Kd7 42. Qg8 Qa3+ 43. Kd1 Qxa5 44. Qxg6 Qa1+ 45. Ke2 Qe5+
46. Kd1 Qd4+ 47. Kc1 Qxh4 48. Qf5+ Kd6 49. Qg6+ Kc7 50. Qg7 Qe1+ 51. Kb2 h4 52.
Qd4 Qe4 53. Qc5+ Kb8 54. Qc3 e5 55. Qa3 Qd4+ 56. c3 Qb6+ 57. Kc2 h3 58. Qe7 Qc7
59. Qf8+ Ka7 60. Kd2 h2 61. Qf2+ Qb6 0-1

[Event "Tradewise Gibraltar"]
[Site "Caleta ENG"]
[Date "2015.02.05"]
[EventDate "2015.01.27"]
[Round "10.45"]
[Result "0-1"]
[White "John L Watson"]
[Black "Lawrence Trent"]
[WhiteElo "2319"]
[BlackElo "2470"]
[PlyCount "60"]

1. d4 Nf6 2. c4 g6 3. Nc3 Bg7 4. e4 d6 5. h3 O-O 6. Bg5 Na6 7. Nf3 e5 8. d5 Qe8
9. g4 Nc5 10. Nd2 a5 11. Rg1 Kh8 12. h4 Ng8 13. Be3 f5 14. gxf5 gxf5 15. Bxc5
dxc5 16. Bh3 Nf6 17. Bxf5 Bxf5 18. exf5 e4 19. Qe2 Qe5 20. O-O-O Rae8 21. Rde1
Qxf5 22. Ndxe4 Nd7 23. Qc2 Ne5 24. Nxc5 b6 25. Ne6 Bh6+ 26. Kb1 Qxc2+ 27. Kxc2
Rxf2+ 28. Kb3 a4+ 29. Nxa4 Nf3 30. Ng5 Nxe1 0-1

[Event "Tradewise Gibraltar"]
[Site "Caleta ENG"]
[Date "2015.02.05"]
[EventDate "2015.01.27"]
[Round "10.46"]
[Result "1/2-1/2"]
[White "Victor Plotkin"]
[Black "Diego Adla"]
[WhiteElo "2306"]
[BlackElo "2469"]
[PlyCount "64"]

1. e4 c5 2. c3 d5 3. exd5 Qxd5 4. d4 g6 5. dxc5 Qxc5 6. Be3 Qc7 7. Na3 Nc6 8.
Nb5 Qb8 9. Nf3 Bg7 10. Nbd4 Bd7 11. Nxc6 Bxc6 12. Nd4 Nf6 13. Nxc6 bxc6 14. Qc2
O-O 15. Bc4 a5 16. Rd1 a4 17. h3 a3 18. b3 e6 19. O-O Nd5 20. Bxd5 cxd5 21. c4
Rc8 22. Qd3 dxc4 23. bxc4 Qb4 24. Rc1 Rd8 25. Qe2 Bb2 26. Rc2 Rac8 27. c5 Qe4
28. Rd1 Rd5 29. Re1 Rd3 30. Rd1 Rd5 31. Re1 Rd3 32. Rd1 1/2-1/2

[Event "Tradewise Gibraltar"]
[Site "Caleta ENG"]
[Date "2015.02.05"]
[EventDate "2015.01.27"]
[Round "10.47"]
[Result "0-1"]
[White "Almagro Llamas, Pablo"]
[Black "Valentin Dragnev"]
[WhiteElo "2469"]
[BlackElo "2344"]
[PlyCount "64"]

1. d4 Nf6 2. Nf3 c5 3. d5 b5 4. Bg5 Qb6 5. Bxf6 exf6 6. a4 bxa4 7. e4 Qxb2 8.
Nbd2 d6 9. Bd3 Qb7 10. O-O Be7 11. Nc4 O-O 12. Nfd2 Nd7 13. f4 f5 14. Rb1 Nb6
15. exf5 Qxd5 16. Kh1 Nxc4 17. Nxc4 Qd4 18. Re1 Bh4 19. Re4 Qf6 20. Re3 Bf2 21.
Rf3 Bd4 22. g4 Bd7 23. Be4 Rab8 24. Rxb8 Rxb8 25. c3 Bxc3 26. g5 Qd4 27. Qe2 d5
28. Rxc3 Qxc3 29. Bxd5 Qd4 30. Qf3 Rb1+ 31. Kg2 Qg1+ 32. Kh3 Bxf5+ 0-1

[Event "Tradewise Gibraltar"]
[Site "Caleta ENG"]
[Date "2015.02.05"]
[EventDate "2015.01.27"]
[Round "10.49"]
[Result "0-1"]
[White "Ellinor Frisk"]
[Black "Vishnu Prasanna, V"]
[WhiteElo "2266"]
[BlackElo "2463"]
[PlyCount "80"]

1. d4 Nf6 2. c4 g6 3. g3 Bg7 4. Bg2 O-O 5. Nf3 d6 6. O-O Nbd7 7. Qc2 e5 8. Rd1
Qe7 9. Nc3 c6 10. e4 exd4 11. Nxd4 Nc5 12. f3 Nfd7 13. b3 a5 14. Bf4 Ne5 15.
Rac1 h5 16. Qe2 Re8 17. Rc2 h4 18. gxh4 Qxh4 19. Bg3 Qf6 20. Qe3 a4 21. f4 Ng4
22. Qe1 Qxd4+ 23. Rxd4 Bxd4+ 24. Kh1 axb3 25. axb3 Nxb3 26. Na2 Nc5 27. Bf3 Nxe4
28. Bxe4 Bf5 29. Nc3 Bxc3 30. Rxc3 Rxe4 31. Qd2 Ra1+ 32. Rc1 Rxc1+ 33. Qxc1 Re2
34. Kg1 Be4 35. Qa3 Rd2 36. Kf1 Bd3+ 37. Ke1 Re2+ 38. Kd1 Ne3+ 39. Kc1 Rc2+ 40.
Kb1 Rc3+ 0-1

[Event "Tradewise Gibraltar"]
[Site "Caleta ENG"]
[Date "2015.02.05"]
[EventDate "2015.01.27"]
[Round "10.50"]
[Result "1-0"]
[White "Qi Guo"]
[Black "Santos Ruiz, Miguel"]
[WhiteElo "2439"]
[BlackElo "2310"]
[PlyCount "72"]

1. d4 Nf6 2. Nf3 e6 3. c4 d5 4. cxd5 exd5 5. Nc3 Bd6 6. Bg5 c6 7. Qc2 Nbd7 8. e3
O-O 9. Bd3 Be7 10. O-O Re8 11. Bf4 Nf8 12. h3 Ne6 13. Be5 g6 14. Rab1 c5 15. Bb5
Rf8 16. dxc5 Nxc5 17. Rbd1 Bf5 18. Qc1 Nce4 19. Nxe4 Nxe4 20. Bc7 Qc8 21. Rxd5
Qe6 22. Qd1 Qf6 23. Be5 Qb6 24. Bd4 Qe6 25. Re5 Qd6 26. Bd3 Bf6 27. Rxe4 Bxe4
28. Bxe4 Rae8 29. Bxb7 Rb8 30. Bd5 Rfd8 31. e4 Rb4 32. a3 Rb5 33. Qd3 a6 34. b4
Rbb8 35. Bc5 Qf4 36. Qxa6 1-0